How to win friends and influence people
| Main Author: | |
|---|---|
| Format: | Book |
| Published: |
New York :
Pocket Books ,
1982
|
| Subjects: |
MARC
| LEADER | 00000cam a2200000 7i4500 | ||
|---|---|---|---|
| 001 | 0000012411 | ||
| 005 | 20080513.0 | ||
| 008 | 071214 | ||
| 020 | |a 0671723650 | ||
| 090 | 0 | 0 | |a 158.25 |b CAR |
| 100 | 1 | |a Carnegie, Dale | |
| 245 | 1 | 0 | |a How to win friends and influence people |c Dale Carnegie |
| 260 | |a New York : |b Pocket Books , |c 1982 | ||
| 650 | 0 | |a English fiction | |
| 650 | 0 | |a Friends | |
| 650 | 0 | |a Influence (Psychology) | |
| 999 | |a 0001003727 |b Book |c Adult Collection |e Perbadanan Perpustakaan Awam Johor | ||
| 999 | |a 0001017180 |b Book |c Adult Collection |e Perbadanan Perpustakaan Awam Johor | ||